000 00713nam a2200217Ia 4500
003 GCL
008 140319s9999 xx 000 0 ara d
040 _aGCL /
_cGCL
082 0 4 _a820.71
_bط ص
100 1 _aطلال بن عبدالعزيز
245 1 0 _aصور من حياة عبدالعزيز /
_cطلال بن عبدالعزيز
700 1 _aكمال الكيلانى
260 _a[S.N] :
_bدار الشواف للنشر والتوزيع ،
_c1990
300 _a160 ص
490 _a
650 0 4 _aالعصر الحديث
650 0 4 _aتاريخ
650 0 4 _aالمملكة العربية السعودية
650 0 4 _aعبدالعزيز بن عبدالرحمن آل سع
942 _2ddc
_cBK
999 _c40621
_d40621